Faktory dopytu po biopotravinách a postoje spotrebiteľa

Biopotraviny a dopyt po nich na slovenskom trhu. Špecifické faktory ovplyvňujúce dopyt po biopotravinách: cena biopotravín, dostupnosť predajne s biopotravinami, stravovacie návyky spotrebiteľov, dôvera v biopotraviny, motivácia kúpy biopotravín, informácie o biopotravinách. Účinné aktivovanie týcht...

ver descrição completa

Na minha lista:
Detalhes bibliográficos
Autor principal: Kretter, Anton
Formato: Capítulo de Livro
Idioma:eslovaco
Assuntos:
Tags: Adicionar Tag
Sem tags, seja o primeiro a adicionar uma tag!

MARC

LEADER 00000naa$a2200000$$$4500
001 0035125
005 20231012082101.2
041 0 |a slo 
044 |a SK 
245 1 0 |a Faktory dopytu po biopotravinách a postoje spotrebiteľa  |c Anton Kretter 
520 |a Biopotraviny a dopyt po nich na slovenskom trhu. Špecifické faktory ovplyvňujúce dopyt po biopotravinách: cena biopotravín, dostupnosť predajne s biopotravinami, stravovacie návyky spotrebiteľov, dôvera v biopotraviny, motivácia kúpy biopotravín, informácie o biopotravinách. Účinné aktivovanie týchto faktorov v smere kúpy biopotravín je podmienené využívaním marketingových nástrojov výrobkovej, cenovej, distribučnej a predovšetkým komunikačnej politiky. 
610 2 0 |a potraviny 
610 2 0 |a ekológia 
610 2 0 |a bioprodukty 
610 2 0 |a dopyt 
610 2 0 |a spotrebitelia 
610 2 0 |a Slovensko 
610 2 0 |a nástroje marketingové 
100 1 |a Kretter, Anton